000 00409nam a2200169Ia 4500
008 210210b1902 xxu||||| |||| 00| 0 eng d
041 _aeng
082 _a829/121
100 _aBUTLER (Samuel)
245 _aErewhon and erewhon revisited
260 _aLondon
_bJ M Dent and Sons Ltd.
_c1902
650 _arevisited
650 _aErewhon
650 _aand
690 _aEnglish Fiction
906 _a016731
999 _c136401
_d136401